00801nam a2200241 a 450000100060000000300080000600500170001400800410003102000130007203500190008504000320010404100080013608200280014424500860017226000540025830000350031250400410034765000340038865000300042270000260045270000190047883000620049767724BD-RjUL20211209081703.0170328s1989 nyua b 001 0 eng  a00650684 a(BD-RjUL)67933 aDLCcDLCdDLCdBD-RjULbeng aeng00223a362.70973bCAR 198900aCaring for America's children /cedited by Frank J. Macchiarola and Alan Gartner. aNew York :bAcademy of Political Science,cc1989. axii, 228 p. :bill. ;c23 cm. aIncludes bibliographical references. 0aChild welfarezUnited States. 0aEducationzUnited States.1 aMacchiarola, Frank J.1 aGartner, Alan. aProceedings of the Academy of Political Science, v37:2.